000 01213cam a22003375a 4500
001 011944881
003 EG-ScBUE
005 20220511114703.0
008 000626r20102000enk f b 000 0 eng d
020 _a0194355748 (pbk.)
020 _a9780194355742
040 _aUk
_beng
_erda
_cUk
_dEG-ScBUE
082 0 4 _a428.007
_222
_bLAR
100 1 _98980
_aLarsen-Freeman, Diane,
_eauthor.
245 1 0 _aTechniques and principles in language teaching /
_cDiane Larsen-Freeman.
250 _aSecond edition,
_bReprinted edition.
264 1 _aOxford :
_bOxford University Press,
_c2010.
300 _axv, 189 pages :
_billustrations ;
_c24 cm.
336 _2rdacontent
_atext
_btxt
337 _2rdamedia
_aunmediated
_bn
338 _2rdacarrier
_avolume
_bnc
490 0 _aTeaching techniques in English as a second language
504 _aIncludes bibliographical references.
650 7 _aEnglish language
_xStudy and teaching
_xForeign speakers.
_2BUEsh
650 7 _aLanguage and languages
_xStudy and teaching.
_2BUEsh
650 7 _aEnglish language
_xStudy and teaching as a second language.
_2BUEsh
651 _2BUEsh
653 _cApril2016
_bHHUUEENN
655 _vReading book
_934232
942 _2ddc
_cBB
999 _c21566
_d21538